000 00454nam a2200181Ia 4500
001 1364
005 20260306143723.0
008 260306t1999||||xx |||||||||||||| ||spa||
041 _aESP
082 _a196.1
_bM86
100 _aMoraleja Juárez, Alfonso
_eAUT
245 0 _aBaltazar Gracián:
_bforma política y contenido ético
260 _c1999
300 _a163 páginas :
_c24 cm.
650 _aGEN
654 _aCHU
942 _cLIB
_dJUS
_fJUS
_2ddc
_n
999 _c1364
_d1364